| 000 | 00665nam a2200169Ia 4500 | ||
|---|---|---|---|
| 005 | 20250508161907.0 | ||
| 008 | 008 250505s9999 xx 000 0 eng d | ||
| 037 | _aBooks to be hide in OPAC | ||
| 040 |
_aFEDL _beng _cFEDL |
||
| 041 |
_aeng _2eng |
||
| 084 |
_a375, AGA _qFEDL |
||
| 100 |
_aAgarwal Chandra Kishore _9771747 |
||
| 245 | 0 | _a"Study of the development of curriculum of commerce courses as prescribed by the University of Delhi during the last decade" | |
| 546 | _aSubmitted in part fulfilment of the requirement for the master of education degree of the University of Delhi, Delhi | ||
| 942 |
_cHB _h375, AGA |
||
| 999 |
_c1373011 _d1373011 |
||